000 00946cam a22001934a 4500
005 20250605163935.0
008 250528s ||||||||||||||||||||||||d
035 _a14854
020 _a803990006
040 _aGR-AtMCL
_bgre
_dGR-AtMCL
_eAACR2
245 1 _aThe McDonaldization of Society / An Investigation Into the Changing Character of Contemporary Social Life
260 _bPine Forge Press,
_c1993
300 _a224
520 _aA book which raises issues that demand to be addressed for a variety of courses that deal with modernity, contemporary American culture, and society. Preface, The McDonaldization of Society, McDonaldization and Its Precursors, Efficiency, Calculability, Predictability, Control, The Irrationality of Rationality, The Iron Cage of McDonaldization, Coping with a McDonaldized Society, End Notes, Bibliography, Index.
700 1 _aRitzer George
_9626
942 _cBK
999 _c465
_d465